000 00596nam a2200205 i 4500
001 90599
003 ES-MaACL
005 20230906180512.0
007 t|
008 050121s1959 sp ||||1| spa d
100 1 _aLehmann, Rosamond.
_971341
245 1 3 _aLa balada y la fuente /
_cRosamond Lehmann ; [versión de Pedro Fraga de Porto].
260 _a[Barcelona] :
_bCisne,
_c[1959] (
_fP. Hermanos)
300 _a288 p. ;
_c18 cm.
490 1 _aPlaza
700 1 _aFraga de Porto, Pedro.
_952071
830 0 _aPlaza
_9181244
852 _aES-MaACL
_jC-17075
_bR.45324
999 _c90599
_d90599